000 00215 a2200097 4500
001 14092
100 _aChambers W.R
245 _aWhat is the evidence
260 _aLondon
_bW & R Chambers
_c
090 _c11037
_d11037
942 _aNUST-CAE
_c1156
_cM
999 _c249165
_d249165